Saber escoger : (Registro nro. 6596)

Detalles MARC
000 -LEADER
fixed length control field 01005nam a22002537a 4500
003 - CONTROL NUMBER IDENTIFIER
control field OSt
005 - DATE AND TIME OF LATEST TRANSACTION
control field 20200225122424.0
008 - FIXED-LENGTH DATA ELEMENTS--GENERAL INFORMATION
fixed length control field 200225s1996 ck a|||gr|||| 00| 0 spa d
040 ## - CATALOGING SOURCE
Original cataloging agency CO-JMCR
Transcribing agency CO-JMCR
082 04 - DEWEY DECIMAL CLASSIFICATION NUMBER
Classification number 241.4 /
Item number V185s
100 1# - MAIN ENTRY--PERSONAL NAME
Personal name Valles, Carlos G.,
Relator term autor
9 (RLIN) 915
245 1# - TITLE STATEMENT
Title Saber escoger :
Remainder of title El arte del discernimiento /
Statement of responsibility, etc. Carlos G. Vallés
250 ## - EDITION STATEMENT
Edition statement Segunda edición
260 ## - PUBLICATION, DISTRIBUTION, ETC.
Place of publication, distribution, etc. Bogotá :
Name of publisher, distributor, etc. San pablo,
Date of publication, distribution, etc. 1996.
300 ## - PHYSICAL DESCRIPTION
Extent 179 páginas :
Other physical details ilustraciones a blanco y negro ;
Dimensions 18 cm.
490 ## - SERIES STATEMENT
Series statement Colección. Mensajes
500 ## - GENERAL NOTE
General note Datos biográficos del autor en página [4].
520 ## - SUMMARY, ETC.
Summary, etc. Saberlo que queremos es algo fundamental en nuestra vida, y para el cristiano, implica también saber lo que dios quiere de mí y saber escoger, discernir, elegir y decidir. Todo esto requiere fe, valor, sabiduría, libertad..., método.
546 0# - LANGUAGE NOTE
Language note spa
650 24 - SUBJECT ADDED ENTRY--TOPICAL TERM
Topical term or geographic name entry element Vida espiritual
9 (RLIN) 899
650 24 - SUBJECT ADDED ENTRY--TOPICAL TERM
Topical term or geographic name entry element Vida cristiana
9 (RLIN) 916
650 24 - SUBJECT ADDED ENTRY--TOPICAL TERM
Topical term or geographic name entry element Fe en Dios
9 (RLIN) 917
942 ## - ADDED ENTRY ELEMENTS (KOHA)
Source of classification or shelving scheme Dewey Decimal Classification
Koha item type Books
Existencias
Withdrawn status Lost status Source of classification or shelving scheme Damaged status Not for loan Home library Current library Shelving location Date acquired Source of acquisition Cost, normal purchase price Total Checkouts Total Renewals Full call number Barcode Date last seen Date last checked out Copy number Price effective from Koha item type Public note
    Dewey Decimal Classification     Biblioteca Pública José María del Castillo y Rada Biblioteca Pública José María del Castillo y Rada Processing Center 02/24/2020 Donación 0.00 2 2 241.4 / V185s 201809894 03/20/2026 03/20/2026 Ej.1 02/25/2020 Books Páginas con resaltador